000 00626nam a2200265Ia 4500
005 20260121165757.0
008 008 260114s9999 xx 000 0 eng d
020 _a9789811012075
037 _aEBOOK
040 _aCRL
040 _beng
040 _cCRL
041 _2eng
041 _aeng
084 _qCRL
100 _aSophie Jane Alcock
_91055905
245 0 _aYoung Children Playing
260 _bSpringer
260 _bSpringer
260 _c2016
856 _uhttps://link.springer.com/openurl?genre=book&isbn=978-981-10-1207-5
942 _cEBOOK
999 _c1621633
_d1621633